000
00277nam a2200121 a 4500
005
20141022142000.0
008
090305s19uu xx 00 eng d
050
_a
VHS
_b
R66 1995
245
_a
Romeo and Juliet.
650
_a
VHS.
650
_a
Romeo and Juliet
942
_c
AVM
999
_c
276214
_d
276214